00417 a2200121 4500001001000000005001700010008004100027245011600068100002000184700001800204773005600222999001700278ART_5306420260410161759.0260409a 10aReflexiones sobre la interrupción de la prescripción prevista en la moratoria y el blanqueo de la ley 264761 aKaplan, Hugo E.1 aVolman, Mario0 tDoctrina tributariag- Nº 350 (may. 2009)wREV4296 c20407d20407